Análisis organizacional en pymes y empresas de familia (Registro nro. 2789)

Detalles MARC
000 -LEADER
fixed length control field 01274 a2200229 4500
001 - CONTROL NUMBER
control field 37777
005 - DATE AND TIME OF LATEST TRANSACTION
control field 20260407155644.0
008 - FIXED-LENGTH DATA ELEMENTS--GENERAL INFORMATION
fixed length control field 260407a2013 arg spa d
003 - CONTROL NUMBER IDENTIFIER
control field AR-UNSa-BCEJYS
040 ## - CATALOGING SOURCE
Original cataloging agency AR-UNSa-BCEJYS
Language of cataloging spa
Transcribing agency AR-UNSa-BCEJYS
080 ## - UNIVERSAL DECIMAL CLASSIFICATION NUMBER
Universal Decimal Classification number 658.01
Common auxiliary subdivision Metodología. Teoría y práctica de la organización( teoria de la organización, análisis organizacional...)
020 ## - INTERNATIONAL STANDARD BOOK NUMBER
International Standard Book Number 978-950-641-779-6
041 ## - LANGUAGE CODE
Language code of text/sound track or separate title spa
100 1# - MAIN ENTRY--PERSONAL NAME
Personal name Schlemenson, Aldo
245 10 - TITLE STATEMENT
Title Análisis organizacional en pymes y empresas de familia
264 #1 - PRODUCTION, PUBLICATION, DISTRIBUTION, MANUFACTURE, AND COPYRIGHT NOTICE
Place of production, publication, distribution, manufacture Buenos Aires :
Name of producer, publisher, distributor, manufacturer Granica
Date of production, publication, distribution, manufacture, or copyright notice 2013
300 ## - PHYSICAL DESCRIPTION
Extent 286 p.
Dimensions 22 cm.
505 ## - FORMATTED CONTENTS NOTE
Formatted contents note 1. Antecedentes del análisis organizacional - 2. Dimensiones organizacionales - 3. Análisis organizacional como estrategia de cambio - 4. El marco teórico - 5. Presentación del caso - 6. Surgimiento de la empresa: desarrollo del proyecto personal por cuenta propia - 7. La estructura organizativa - 8. El equipo de gerencia: roles y relaciones interpersonales - 9. Crisis, representación y participación: el caso envases de azul - 10. Turbulencia, crisis y participación
590 ## - LOCAL NOTE (RLIN)
Local note niveau_biblio:m niveau_hierar:0
856 41 - ELECTRONIC LOCATION AND ACCESS
Uniform Resource Identifier <a href="https://biblioeco.unsa.edu.ar/pmb/images/libros/L125697.jpg">https://biblioeco.unsa.edu.ar/pmb/images/libros/L125697.jpg</a>
Link text Imagen de portada
Electronic format type image/jpeg
942 ## - ADDED ENTRY ELEMENTS (KOHA)
Koha item type
Existencias
Withdrawn status Lost status Damaged status Not for loan Home library Current library Shelving location Date acquired Total checkouts Full call number Barcode Date last seen Price effective from Koha item type
        Biblioteca Prof. Eusebio Cleto del Rey Biblioteca Prof. Eusebio Cleto del Rey   07/04/2026   658.01 S339 L125697 07/04/2026 07/04/2026 Libro